Tratado de lechería /
Guardado en:
| Autor Principal: | |
|---|---|
| Formato: | Libro |
| Publicado: |
Barcelona :
G. Goli,
1924
|
| Materias: | |
| Etiquetas: |
Agregar Etiqueta
Sin Etiquetas, Sea el primero en etiquetar este registro!
|
| LEADER | 00539nam a22001935a 4500 | ||
|---|---|---|---|
| 001 | CEM.cems015872 | ||
| 008 | 130507s1924##################000#0#####d | ||
| 005 | 20210825183311.0 | ||
| 003 | CEMS | ||
| 245 | 1 | 0 | |a Tratado de lechería / |c W Fleischmann, |
| 260 | |a Barcelona : |b G. Goli, |c 1924 | ||
| 300 | |a 740 p. | ||
| 100 | 1 | |a Fleischmann, W | |
| 082 | 0 | 4 | |a 637 |
| 653 | |a Industrias lácteas | ||
| 653 | |a Leche | ||
| 653 | |a Manteca-elaboración | ||
| 653 | |a Queso-elaboración | ||
| 859 | |a CEMS |b BIB. CEMS - Agricultura |h 637 |i F628 |p A5012.76 |t Ej.1 |v 1 |3 Vol. 1 | ||
